000 00917nam a2200289 a 4500
001 33167
003 BD-RjUL
005 20211209051947.0
008 140430s1994 enk 001 0 eng d
020 _a0485114038
035 _a(BD-RjUL)33258
040 _aBD-RjUL
_beng
_cBD-RjUL
041 _aeng
082 _a340.115
_bROL 1994
100 1 _aRouland, Norbert
_97059
245 1 0 _aLegal anthropology /
_cNorbert Rouland ; translated by Philippe G. Planel.
260 _aLondon :
_bAthlone Press,
_c1994.
300 _aviii, 352 p. ;
_c23 cm.
500 _aTranslation of: Anthropologie juridique (Paris : Puf, 1988).
500 _aIncludes bibliography and index.
650 0 _aLaw and anthropology
_9100740
650 0 _aEthnological jurisprudence
_97060
650 0 _aLaw, Primitive
_9100741
700 1 _aPlanel, Philippe G.,
_d1948-
_9100742
942 _2ddc
_cBK
999 _c33167
_d33167